000 01628nam0a2200313 i 4500
001 RU\NLR\BIBL_A\010673296
005 20260405195810.0
010 _a9785949912812
_990
021 _aRU
_b2014-95583
_95807
035 _a(NILC)RuMoRGB-007840697
035 _a(NLR Aleph) 010673296
090 _a9615640
_c9615640
100 _a20150216d2014 km y0rusy50 ca
101 0 _arus
102 _aRU
105 _aa|||z|||000yy
200 1 _aРасследование дезорганизации деятельности учреждений, обеспечивающих изоляцию от общества
_eпрактические рекомендации
_fР. М. Морозов, А. Г. Цивкунов
_gФедеральная служба исполн. наказаний, Вологодский ин-т права и экономики
210 _aВологда
_cВИПЭ ФСИН
_d2014
215 _a84 с.
_cил.
_d20
320 _aБиблиогр. в подстроч. примеч
606 1 _aИсправительные учреждения
_jПрактические пособия
_xДезорганизация работы
_xРасследование
_yРоссийская Федерация
_92627218
_3RU\NLR\AUTH\661563778
686 1 _aХ629.431.1я7
700 1 _7ca
_8rus
_aМорозов
_bР. М.
_cюрист
_gРоман Михайлович
_970390
_3RU\NLR\AUTH\7787462
701 1 _aЦивкунов
_bА. Г.
_gАлексей Геннадьевич
801 0 _aRU
_bРГБ
_c20141218
_gRCR
942 _cBOOK
980 _aNBR